000 00397nam a2200157Ia 4500
008 100122s9999 xx 000 0 und d
082 _b23623
_a823
100 _aGREENE GRAHAM
245 _aMAY WE BORROW YOUR HUSBAND ?
250 _a0
260 _bPENGUIN BOOKS
_c1972
300 _a142
630 _aMAY WE BORROW YOUR HUSBAND ?
730 _aMAY WE BORROW YOUR HUSBAND ?
942 _cBOOK
999 _c367225
_d367222